LEADER 01549nam a2200313 i 4500 001 000000222162 003 CaOOAMICUS 005 20230428092954.0 008 130903s1703 it u000 u ita u 026 $aA.ca 8378 soa. niHu (7) 1703 (R) 040 $aSeMil$bita 100 1 $aTesauro, Emanuele,$d<1592-1675>.$0(OLS)http://semarc/name/5151 245 13$aLa filosofia morale derivata dall'alto fonte del grande Aristotele Stagirita, dal conte, e cavaliere Gran Croce Emanuele Tesauro .. 260 $aVenetia :$bAppresso Nicoḷ Pezzana,$c1703. 300 $a705, [3] p. :$bantip. calcogr. ;$c12º. 500 $aUltima carta bianca 500 $aAntip. incisa da suor Isabella Piccini. 500 $aMarca (giglio fiorentino) sul front. 500 $aCors. ; rom. 500 $aSegn.: A-2F12 2G6 650 4$aAristotele <384-322 a.C.> - Etica e morale.$0(OLS)http://semarc/subject/10463 650 4$aFilosofia morale.$0(OLS)http://semarc/subject/232 700 1 $aPiccini, Isabella .$0(OLS)http://semarc/name/4307 700 1 $aPezzana, Nicoḷ,$c.$0(OLS)http://semarc/name/2800 850 $aSeMil 852 $aSeMil$W1$xVenegono$y1$m2Q II 38 FA$j172508$B172508$CSeMilBibl$Z2$F182892 $8I 996 $6245$aLa filosofia morale derivata dall'alto fonte del grande Aristotele Stagirita, dal conte, e cavaliere Gran Croce Emanuele Tesauro ..$9(OLS)http://semarc/title/318464 996 $6260$aVenetia :$bAppresso Nicoḷ Pezzana$9(OLS)http://semarc/publisher/53242 LEADER 01178nam a2200277 i 4500 001 000000116732 003 CaOOAMICUS 005 20050831000000.0 008 050831s1966 it u000 u ita u 013 $a89421 040 $aSeMil$bita 100 1 $aKaufmann, Emil.$0(OLS)http://semarc/name/48736 240 10$aArchitecture in the Age of Reason. Baroque and Post-Baroque in England, Italy, and France.$0(OLS)http://semarc/title/171203 245 12$aL'architettura dell'Illuminismo /$cEmil Kaufmann. 260 $aTorino :$bGiulio Einaudi,$ccopyr. 1966. 300 $aXXIX, 279 p., [62] p. di tav. ;$c27 cm. 490 0 $aBiblioteca di storia dell'arte ;$v5 500 $aFondo Ciprandi. 650 4$aArchitettura - Sec. 18.$0(OLS)http://semarc/subject/21539 830 0$aBiblioteca di storia dell'arte ;$v5.$0(OLS)http://semarc/title/16409 850 $aSeMil 852 $aSeMil$W1$xVenegono$y1$m5S VII 5$j72144$B72144$CSeMilBibl$Z2$F102197 $8I 941 1 $a1 961 $aOmaggio: Ciprandi dott. Paolo 996 $6245$aL'architettura dell'Illuminismo$9(OLS)http://semarc/title/171202 996 $6260$aTorino :$bGiulio Einaudi$9(OLS)http://semarc/publisher/29810